Top goalscorers of national teams - Statistics

General Stats
  • This quiz has been taken 28 times
  • The average score is 37 of 235
Answer Stats
Albania AC Siena 18 Erjon Bogdani % Correct
Portugal Al-Nassr FC 131 Cristiano Ronaldo
92%
Argentina Inter Miami CF 109 Lionel Messi
88%
Hungary Real Madrid 80 Ferenc Puskás
81%
Brasil Al-Hilal SFC 79 Neymar
81%
Poland FC Barcelona 83 Robert Lewandowski
81%
Belgium SSC Napoli 85 Romelu Lukaku
81%
England Bayern Munich 66 Harry Kane
77%
South Korea Tottenham Hotspur 48 Heung-min Son
77%
Egypt Liverpool FC 55 Mohamed Salah
77%
Chile Udinese Calcio 51 Alexis Sánchez
73%
Spain Vissel Kobe 59 David Villa
73%
Bosnia and Herzegowina Fenerbahce 66 Edin Dzeko
73%
Wales Los Angeles FC 40 Gareth Bale
73%
Germany SS Lazio 71 Miroslav Klose
73%
Sweden AC Milan 62 Zlatan Ibrahimović
73%
Ivory Coast Phoenix Rising 63 Didier Drogba
69%
Uruguay Inter Miami CF 69 Luis Suárez
69%
Senegal Al-Nassr FC 42 Sadio Mané
69%
France Los Angeles FC 57 Olivier Giroud
62%
Chinese Taipei (Taiwan) Qingdao West Coast 24 Po-Liang Chen
62%
Ukraine Dynamo Kyiv 48 Andriy Shevchenko
58%
Netherlands Feyenoord 50 Robin van Persie
58%
Mexico Deportivo Guadalajara 52 Javier Hernández
54%
Ireland ATK 68 Robbie Keane
54%
Cameroon Qatar SC 56 Samuel Eto'o
54%
USA Seattle 57 Clint Dempsey
50%
Comoros Zeleznicar Pancevo 19 El Fardou Ben
50%
Armenia Inter Milan 32 Henrikh Mkhitaryan
50%
Finland Minnesota United FC 42 Teemu Pukki
50%
Serbia Al-Hilal SFC 58 Aleksandar Mitrović
46%
New Zealand Nottingham Forest 34 Chris Wood
46%
Ecuador Sport Club Internacional 41 Enner Valencia
46%
North Macedonia Parma 38 Goran Pandev
46%
Nigeria Galatasaray 21 Victor Osimhen
46%
Croatia 1860 Munich 45 Davor Suker
42%
Gabon Al-Qadsiah FC 32 Pierre-Emerick Aubameyang
42%
Colombia Millonarios FC 36 Radamel Falcao
42%
Australia Jamshedpur FC 49 Tim Cahill
42%
Qatar Al-Duhail SC 46 Almoez Ali
38%
Kosovo RCD Mallorca 26 Vedat Muriqi
38%
Bulgaria Kerala Blasters 48 Dimitar Berbatov
35%
Togo AC Semassi FC 26 Emmanuel Adebayor
35%
Iceland Valur Reykjavík 27 Gylfi Sigurdsson
35%
Trinidad and Tobago Central FC 61 Stern John
35%
Montenegro Olympiacos 36 Stevan Jovetic
35%
Niger AS GNN 18 Victorien Adebayor
35%
Switzerland FC Basel 42 Alex Frei
31%
Iran Saipa FC 97 Ali Daei
31%
Türkiye Galatasaray 51 Hakan Şükür
31%
Andorra FC Andorra B 11 Ildefons Lima
31%
Algeria KV Mechelen 46 Islam Slimani
31%
Czechia Cannes 55 Jan Koller
31%
Slovakia Trabzonspor 26 Marek Hamsik
31%
Zambia Leicester City 20 Patson Daka
31%
Ghana Legon Cities FC 49 Asamoah Gyan
27%
Uzbekistan AS Roma 40 Eldor Shomurodov
27%
China Shanghai Port 37 Lei Wu
27%
Paraguay Club Libertad Asunción 32 Roque Santa Cruz
27%
Romania AS Ardealul Tg. Mures 35 Adrian Mutu
23%
South Africa Orlando Pirates 30 Benni McCarthy
23%
Canada RCD Mallorca 29 Cyle Larin
23%
Israel Maccabi Tel Aviv 35 Eran Zahavi
23%
Italy Cagliari 35 Luigi Riva
23%
Venezuela CF Pachuca 44 Salomón Rondón
23%
Japan Sint-Truiden 50 Shinji Okazaki
23%
India Bengaluru FC 83 Sunil Chhetri
23%
Russia Lokomotiv Moscow 30 Artem Dzyuba
19%
Peru Club Alianza Lima 40 Paolo Guerrero
19%
Morocco Olympiacos Piraeus 26 Ayoub El Kaabi
15%
Scotland Manchester City 30 Denis Law
15%
Equatorial Guinea CF Intercity 23 Emilio Nsue
15%
Mali BJ Guoan 17 Frédéric Kanouté
15%
Cuba LA Laguna 29 Léster Moré
15%
Bolivia Cruzeiro 31 Marcelo Moreno
15%
Tanzania PAOK Thessaloniki 18 Ally Samatta
12%
San Marino La Fiorita 8 Andy Selva
12%
Luxembourg Guangxi Pingguo Haliao 21 Gerson Rodrigues
12%
Bermuda Bristol City 17 Nahki Wells
12%
American Samoa Bay Olympic 3 Ramin Ott
12%
Saudi Arabia Al-Hilal 28 Sami Al-Jaber
12%
Mauritania Sepahan FC 8 Aboubakar Kamara
8%
United Arab Emirates Al-Nasr SC (UAE) 73 Ali Mabkhout
8%
Northern Ireland Bury 36 David Healy
8%
Democratic Republic of the Congo FC Noah 22 Dieumerci Mbokani
8%
Haiti Kayserispor 30 Duckens Nazon
8%
Lebanon Al-Ansar FC 25 Hassan Maatouk
8%
North Korea Korea Sports University (North Korea) 24 Il-gwan Jong
8%
Reunion La Tamponnaise 9 Jean-Michel Fontaine
8%
Sierra Leone Los Angeles FC 7 Kei Kamara
8%
Liechtenstein FC Balzers 16 Mario Frick
8%
Angola Racing Madrid City FC 17 Mateus Contreiras
8%
Malta Mosta FC 42 Michael Mifsud
8%
Pakistan K-Electric 10 Muhammad Essa
8%
Cape Verde Kocaelispor 18 Ryan Mendes
8%
Somalia Hashtag United 2 Sakariya Hassan
8%
Hong Kong Eastern District 35 Siu-Ki Chan
8%
Benin Sirens FC 20 Stéphane Sessègnon
8%
Thailand BG Pathum United 44 Teerasil Dangda
8%
Vietnam Becamex Binh Duong FC 19 Tien Linh Nguyen
8%
Cambodia Boeung Ket 12 Vathanaka Chan
8%
Iraq Al-Talaba SC 43 Younis Mahmoud
8%
Slovenia Marles Hise 35 Zlatko Zahovic
8%
Estonia Viimsi JK 38 Andres Oper
4%
Honduras Real España 53 Carlos Pavón
4%
Guatemala Dallas 68 Carlos Ruiz
4%
Albania AC Siena 18 Erjon Bogdani
4%
Guinea-Bissau Aubervilliers 6 Frédéric Mendy
4%
Northern Cyprus ? 18 Halil Turan
4%
Singapore BG Pathum United 18 Ikhsan Fandi
4%
Moldova SC Heerenveen 16 Ion Nicolaescu
4%
East Timor Angkor Tiger FC 5 João Pedro
4%
Myanmar Shan United 11 Kyaw Ko Ko
4%
Central African Republic Amiens SC 16 Louis Mafouta
4%
São Tomé and Príncipe Club Almagro 11 Luís Leal
4%
Latvia Liepaja 29 Maris Verpakovskis
4%
Kenya Al-Duhail SC 26 Michael Olunga
4%
Palestine R Charleroi SC 15 Oday Dabbagh
4%
Syria Al-Wahda FC 21 Omar Khribin
4%
Namibia Mamelodi Sundowns FC 15 Peter Shalulile
4%
El Salvador Islanders 32 Raúl Díaz Arce
4%
Fiji Odisha FC 41 Roy Krishna
4%
Georgia Levante 26 Shota Arveladze
4%
Palau ? 5 Stephen Stefano
4%
Congo Esteghlal Khuzestan 15 Thievy Bifouma
4%
Lithuania Parma 19 Tomas Danilevicius
4%
Austria SV Weiden 14/75 46 Toni Polster
4%
Kuwait Kuwait SC 30 Yousef Nasser
4%
Oman Al-Seeb Club 25 Abdul Aziz Al-Muqbali
0%
Burundi Al-Rustaq Club 16 Abdul Razak Fiston
0%
Yemen Sitra Club 11 Abdulwasea Al-Matari
0%
Eritrea FC Leverkusen 1 Abraham Tedros
0%
Libya Al-Hillal Benghazi 12 Ahmed Saad Osman
0%
Indonesia PSBS Biak 10 Alberto Da Costa
0%
Vatican City ? 1+ Alessandro Quarto
0%
Maldives Club Valencia 48 Ali Ashfaq
0%
Tuvalu FC Nanumaga 6 Alopua Petoa
0%
Nepal Church Boys United 12 Anjan Bista
0%
Saint-Barthélemy ? 2 Anthony Maxor
0%
Turkmenistan FK Arkadag 14 Arslanmurad Amanov
0%
South Ossetia FC Digora 9 Artur Elbaev
0%
Mauritius Saint-Pauloise FC 5 Ashley Nazira
0%
The Gambia Damac FC 13 Assan Ceesay
0%
Saint-Martin GFA Rumilly Vallières 8 Axel Raga
0%
Bonaire Real Rincon 6 Ayrton Cicilia
0%
Brunei Brunei DPMM FC 6 Azwan Ali Rahman
0%
Kazakhstan Besiktas JK 14 Bakhtiyor Zaynutdinov
0%
Afghanistan Grane Arendal Fotball 10 Balal Arezou
0%
Turks and Caicos SWA Sharks FC 16 Billy Forbes
0%
Mayotte ? 6 Chamsidine Attoumani
0%
Bhutan Sriwijaya FC 13 Chencho Gyeltshen
0%
Solomon Islands Marist FC 31 Commins Menapi
0%
Belize Georgia Revolution 27 Deon McCaulay
0%
Samoa Lepea FC 7 Desmond Edward
0%
Guadeloupe JS Vieux-Habitants 15 Dominique Mocka
0%
Mozambique UD Songo 13 Elias Pelembe
0%
Azerbaijan Neftchi Baku 14 Emin Mahmudov
0%
Malawi Mighty Wanderers FC 12 Essau Kanyenda
0%
Chad Persela Lamongan 8 Ezechiel Ndouasel
0%
Uganda Caykur Rizespor 16 Farouk Miya
0%
French Guiana AJ Saint-Georges 11 Gary Pigrée
0%
Sint Maarten VV Spijkenisse 17 Gerwin Lake
0%
Ethiopia Fasil Kenema FC 27 Getaneh Kebede
0%
Suriname OFK Beograd 14 Gleofilo Vlijter
0%
Jordan Al-Ramtha SC 27 Hamza Al-Dardour
0%
Puerto Rico Metropolitan Football Academy 18 Héctor Ramos
0%
Saint Kitts and Nevis Newtown United FC 19 Ian Lake
0%
Madagascar Al-Hamriyah 12 Ima Andriatsima
0%
Bahrain Al-Khaldiya FC 31 Ismail Abdullatif
0%
Tunisia USEPMM Football 37 Issam Jemâa
0%
Rwanda AS Kigali 12 Jacques Tuyisenge
0%
United States Virgin Islands UWS Upsetters SC 3 Jamie Browne
0%
Guam Bank of Guam Strykers 15 Jason Cunliffe
0%
Botswana Orapa United FC 13 Jerome Ramatlhakwana
0%
Dominican Republic Atlético San Francisco 22 Jonathan Faña
0%
Norway Lyn 33 Jörgen Juve
0%
Nicaragua Managua FC 25 Juan Barrera
0%
Dominica Formartine United FC 20 Julian Wade
0%
Macau Benfica de Macau 11 Ka-Hang Leong
0%
Sri Lanka Ratnam SC 16 Kasun Nadika
0%
Saint Pierre and Miquelon ? 1 Kevin Mathiaud
0%
Martinique Golden Lion FC 32 Kévin Parsemain
0%
Laos Deffo FC 8 Khampheng Sayavutthi
0%
Zimbabwe Al-Okhdood Club 25 Knowledge Musona
0%
Saint Lucia Grenades FC 11 Kurt Frederick
0%
Kiribati ? 2 Lawrence Nemeia
0%
Bahamas Bears FC 12 Lesly St. Fleur
0%
Panama Potros del Este 43 Luis Tejada
0%
Jamaica Harbour View FC 35 Luton Shelton
0%
Montserrat Colchester United 12 Lyle Taylor
0%
Belarus FC Khimki 20 Maksim Romashchenko
0%
Barbados University of the West Indies 14 Mario Harte
0%
Cayman Islands Academy SC 7 Mark Ebanks
0%
Northern Mariana Islands ? 2 Mark McDonald
0%
Cyprus AEL Limassol 30 Michalis Konstantinou
0%
New Caledonia AS Magenta 22 Michel Hmaé
0%
Jersey ? 24 Mike Harper
0%
Kyrgyzstan Alga Bishkek 13 Mirlan Murzaev
0%
Sudan Al-Hilal Club (Omdurman) 11 Mohamed Abdelrahman
0%
Burkina Faso Qatar SC 24 Moumouni Dagano
0%
Greece Olympiacos 29 Nikolaos Anastopoulos
0%
Greenland ? 9 Norsaq Lund Mathæussen
0%
Mongolia Khoromkhon FC 8 Nyam-Osor Naranbold
0%
Monaco ? 12 Olivier Lechner
0%
Guyana Chicago Fire FC II 17 Omari Glasgow
0%
Guinea Atlantas 22 Pascal Feindouno
0%
Seychelles Côte d'Or FC 3 Perry Monnaie
0%
Antigua and Barbuda Hitachi Centre SAP FC 34 Peter Byers
0%
Isle of Man ? 1+ Peter Langridge
0%
Micronesia ? 3 Peter Paul Igesumai
0%
Philippines Davao Aguilas 36 Phil Younghusband
0%
Denmark Kjöbenhavns BK 53 Poul Nielsen
0%
Curacao FC Eindhoven 21 Rangelo Janga
0%
Papua New Guinea Lae City FC 12 Raymond Gunemba
0%
Anguilla letic 3 Richard O'Connor
0%
Grenada Queen's Park Rangers (Grenada) 17 Ricky Charles
0%
Falkland Islands ? 5 Robert Mills
0%
Faroe Islands ÍF Fuglafjördur 10 Rógvi Jacobsen
0%
Gibraltar Lincoln Red Imps FC 5 Roy Chipolina
0%
Abkhazia ? 8 Ruslan Shoniya
0%
Eswatini Green Mamba Big Bend 7 Sabelo Ndzinisa
0%
Malaysia Terengganu FC 22 Safawi Rasid
0%
Western Sahara ? 4 Sahia Ahmed Budah
0%
Djibouti El Merriekh FC Bentiu 5 Samuel Akinbinu
0%
Saint Vincent and Grenadyny Rendezvous FC 26 Shandel Samuel
0%
Cook Islands Tupapa Maraerenga 7 Taylor Saghabi
0%
Tahiti AS Vénus Mahina 30 Teaonui Tehau
0%
Aruba ADO '20 Heemskerk 6 Terence Groothusen
0%
South Sudan PSM Makassar 5 Tito Okello
0%
Vanuatu Erakor Golden Star 15 Tony Kaltack
0%
Lesotho LMPS 6 Tsepo Seturumane
0%
British Virgin Islands Shaftesbury FC 4 Tyler Forbes
0%
Tonga Veitongo FC 7 Unaloto Ki-Atenoa Feao
0%
Liberia Al-Mina'a SC 13 William Jebor
0%
Tajikistan Parvoz 15 Yusuf Rabiev
0%
Bangladesh Brothers Union 9 Zahid Ameli
0%
No matching quizzes found
Score Distribution
Percent of People with Each Score
Percentile by Number Answered
Your Score History
You have not taken this quiz